[Event "Moscow op-A 19th"]
[Site "Moscow"]
[Date "2023.07.17"]
[Round "1"]
[White "Kalensky, Valery"]
[Black "Truskavetsky, Alexandr"]
[Result "0-1"]
[WhiteElo "1843"]
[BlackElo "2363"]
[PlyCount "194"]
[EventDate "2023.07.17"]
[EventType "swiss"]
[EventRounds "9"]
[EventCountry "RUS"]
[SourceTitle "CBM 215 Extra"]
[Source "ChessBase"]
[SourceDate "2023.09.30"]
[SourceVersion "1"]
[SourceVersionDate "2023.09.30"]
[SourceQuality "1"]

1. d4 Nf6 2. c4 c5 3. d5 b5 4. cxb5 a6 5. e3 axb5 6. Bxb5 Qa5+ 7. Nc3 g6 8. Bd2 Qb6 9. a4 Bg7 10. e4 0-0 11. Nf3 Ba6 12. 0-0 Bxb5 13. axb5 Rxa1 14. Qxa1 d6 15. Qa4 Nbd7 16. b4 Rb8 17. bxc5 Qxc5 18. Rb1 Ng4 19. Nd1 Nb6 20. Qb4 Qc2 21. Ne1 Qa2 22. Nd3 Rc8 23. Be1 Qe2 24. h3 Nf6 25. Nf4 Qxe4 26. Qxe4 Nxe4 27. Ba5 Bd4 28. Rb4 Rc4 29. Nd3 Rxb4 30. Nxb4 Kf8 31. Nc6 Bc5 32. Bxb6 Bxb6 33. Kf1 e6 34. f3 Nf6 35. Nc3 Ke8 36. Ne4 Nxd5 37. Nxd6+ Kf8 38. Nc4 Bc5 39. N6e5 Ke7 40. Nd3 Bd4 41. Nde5 Bc5 42. Nd3 Bd4 43. Nde5 Bxe5 44. Nxe5 f6 45. Nc4 Kd7 46. Kf2 Nc3 47. b6 Kc6 48. f4 Nd5 49. b7 Kxb7 50. Kf3 Kc6 51. g4 Kc5 52. Nd2 Nc3 53. Ke3 Nd5+ 54. Kf3 f5 55. Kg3 Kd4 56. Kf3 Kc3 57. Nf1 Kd3 58. gxf5 gxf5 59. Ng3 Nf6 60. Ne2 Ne4 61. Nc1+ Kd2 62. Ne2 Kd3 63. Nc1+ Kc4 64. Ne2 Nf6 65. Ke3 h6 66. Ng3 Nd5+ 67. Kf3 Kd3 68. Nh5 Nc3 69. Nf6 Nb5 70. h4 Nd4+ 71. Kf2 Nb3 72. h5 Nd2 73. Ng8 Ke4 74. Ke2 Nf3 75. Nxh6 Kxf4 76. Nf7 Ng5 77. Nd8 Ke5 78. Ke3 f4+ 79. Kf2 Kf5 80. h6 Kg6 81. Nc6 Kxh6 82. Nd4 Kg6 83. Ne2 e5 84. Nc3 Kf5 85. Nd5 e4 86. Ke2 Ne6 87. Ne7+ Kf6 88. Nc6 Kg5 89. Ne5 Kf5 90. Nc6 Kg4 91. Kf2 e3+ 92. Ke2 Kg3 93. Ne5 Nd4+ 94. Kf1 f3 95. Nd3 e2+ 96. Ke1 Nc2+ 97. Kd2 e1Q+ 0-1

[Event "Anapa Sea Harbor Cup"]
[Site "Anapa"]
[Date "2022.06.10"]
[Round "9"]
[White "Yatchenko, Leonid"]
[Black "Kalensky, Valery"]
[Result "1/2-1/2"]
[WhiteElo "1815"]
[BlackElo "1961"]
[PlyCount "143"]
[EventDate "2022.06.02"]
[EventType "swiss"]
[EventRounds "9"]
[EventCountry "RUS"]
[SourceTitle "CBM 208 Extra"]
[Source "ChessBase"]
[SourceDate "2022.07.31"]
[SourceVersion "1"]
[SourceVersionDate "2022.07.31"]
[SourceQuality "1"]

1. e4 c6 2. d4 d5 3. Nd2 dxe4 4. Nxe4 Nf6 5. Nxf6+ exf6 6. c3 Bd6 7. Bd3 0-0 8. Qc2 Re8+ 9. Ne2 h5 10. 0-0 h4 11. h3 Nd7 12. Bf4 Nf8 13. Bxd6 Qxd6 14. Rae1 g6 15. Qd2 Kg7 16. Qf4 Qxf4 17. Nxf4 Ne6 18. Bc4 Bd7 19. Nd3 Rad8 20. Re3 Nc7 21. Rfe1 Be6 22. Bxe6 Rxe6 23. Nc5 Rxe3 24. Rxe3 b6 25. Re7 bxc5 26. Rxc7 cxd4 27. cxd4 Rxd4 28. Rxa7 Rd1+ 29. Kh2 Rd2 30. f3 Rxb2 31. a4 Ra2 32. Rc7 Rxa4 33. Rxc6 Ra1 34. Rb6 Rf1 35. Ra6 g5 36. Rb6 Kg6 37. Ra6 Re1 38. Rb6 Re6 39. Rb5 Re1 40. Rb6 Kg7 41. Rb5 Re5 42. Rb6 f5 43. Ra6 Re1 44. Ra5 Kf6 45. Ra6+ Re6 46. Ra5 Kg6 47. Rb5 f4 48. Ra5 Re1 49. Ra6+ f6 50. Ra8 Rd1 51. Rg8+ Kf5 52. Re8 Rd6 53. Re4 Kg6 54. Re8 Kf7 55. Re4 Rd2 56. Ra4 Re2 57. Ra5 Rc2 58. Rb5 Ke6 59. Ra5 Rd2 60. Rb5 f5 61. Rb6+ Rd6 62. Rb5 Kf6 63. Rb8 Rd5 64. Rb6+ Kf7 65. Rb7+ Ke6 66. Rb6+ Rd6 67. Rb5 Kf6 68. Ra5 Kg6 69. Ra8 Kh5 70. Rh8+ Kg6 71. Ra8 Kh5 72. Rh8+ 1/2-1/2